| 000 | 00745cam a22002413a 4500 | ||
|---|---|---|---|
| 001 | 28174 | ||
| 003 | PGUSA | ||
| 005 | 20140828083616.0 | ||
| 008 | 090224s2009||||xxu|||||s|||||000 | eng d | ||
| 040 |
_aPGUSA _beng |
||
| 042 | _adc | ||
| 050 | 4 | _aZ | |
| 100 | 1 |
_aHumphreys, Arthur Lee, _d1865-1946 |
|
| 245 | 1 | 4 |
_aThe Private Library : _bWhat We Do Know, What We Don't Know, What We Ought to Know About Our Books _h[electronic resource] / _cArthur Lee Humphreys |
| 260 |
_bProject Gutenberg, _c2009 |
||
| 506 | _aPublic domain in the USA. | ||
| 516 | _aElectronic text | ||
| 653 | _aBook collecting | ||
| 653 | _aPrivate libraries | ||
| 830 | 0 |
_aProject Gutenberg _v28174 |
|
| 856 | 4 | 0 | _uhttp://www.gutenberg.org/ebooks/28174 |
| 942 | _cEB | ||
| 999 |
_c257429 _d257429 |
||